Catálogo
 En Linea

El camino nuestro / (Registro nro. 18596)

Detalles MARC
000 -CABECERA
campo de control de longitud fija 00693cam a2200205 a 4500
001 - NÚMERO DE CONTROL
campo de control 000019078
005 - FECHA Y HORA DE LA ÚLTIMA TRANSACCIÓN
campo de control 20200929165920.0
008 - DATOS DE LONGITUD FIJA--INFORMACIÓN GENERAL
campo de control de longitud fija 801125s1949 sp ac 000 0 spa
035 ## - NÚMERO DE CONTROL DEL SISTEMA
Número de control de sistema (DLC) 51026377
035 ## - NÚMERO DE CONTROL DEL SISTEMA
Número de control de sistema (OCoLC)6974320
040 ## - FUENTE DE LA CATALOGACIÓN
Centro catalogador/agencia de origen DO-SdBNP
Lengua de catalogación spa
Centro/agencia transcriptor NhU
Centro/agencia modificador OCoLC
-- DLC
-- BNPHU
082 ## - NÚMERO DE LA CLASIFICACIÓN DECIMAL DEWEY
Número de clasificación DP302.G36
Número de documento/Ítem A772
100 1# - ENTRADA PRINCIPAL--NOMBRE DE PERSONA
Nombre de persona Arques, Enrique.
9 (RLIN) 41051
245 13 - MENCIÓN DE TÍTULO
Título El camino nuestro /
Mención de responsabilidad, etc. Enrique Arques.
260 ## - PUBLICACIÓN, DISTRIBUCIÓN, ETC.
Lugar de publicación, distribución, etc. Madrid :
Nombre del editor, distribuidor, etc. Consejo Superior de Investigaciones Cientificas :
-- Instituto de Estudios Africanos,
Fecha de publicación, distribución, etc. 1949.
300 ## - DESCRIPCIÓN FÍSICA
Extensión 125 p. :
Otras características físicas il, maps ;
Dimensiones 24 cm.
651 #0 - PUNTO DE ACCESO ADICIONAL DE MATERIA--NOMBRE GEOGRÁFICO
Nombre geográfico Gibraltar, Strait Of.
9 (RLIN) 41052
650 #0 - PUNTO DE ACCESO ADICIONAL DE MATERIA--TÉRMINO DE MATERIA
Término de materia o nombre geográfico como elemento de entrada Spaniards
Subdivisión geográfica Africa.
9 (RLIN) 41053
910 ## - DATOS DE OPCIÓN DEL USUARIO (OCLC)
Datos de opción del usuario Catalogación derivada / LC
Existencias
Estado de retiro Estado de pérdida Restricciones de uso No para préstamo Código de colección Localización permanente Ubicación/localización actual Ubicación en estantería Fecha de adquisición Número de inventario Total de préstamos Signatura topográfica completa Código de barras Fecha visto por última vez Precio válido a partir de Tipo de ítem Koha
        Monografías: Libros y Folletos General General En catalogación 25.05.2010 LF1   DP302.G36 A772 19078-10 25.06.2020 25.06.2020 Préstamo en sala

Con tecnología Koha